banner-ar

اهتمام العثمانيين بكسوة الكعبة المشرفة و تطويرها فى العصر الحديث / (Record no. 61573)

MARC details
000 -الفاتح
حقل البيانات ثابتة الطول 00946nam a22002297a 4500
005 - وقت وتاريخ اخر تعامل مع التسجيلة
رقم الضبط 20240530110506.0
008 - عناصر البيانات ثابتة الطول - معلومات عامة
حقل البيانات ثابتة الطول 151012s2010 ua a g 000 0 ara d
017 ## - رقم الايداع القانونى
رقم الايداع القانونى 2010/24081
المصدر ( الهيئة المختصة) مصر . دار الكتب المصرية
020 ## - الرقم الدولى المعيارى للكتب
الرقم الدولى المعيارى للكتاب 9789773144830
040 ## - مصدر الفهرسة
وكالة الفهرسة الأصلية EG-CaGPL
082 04 - رقم تصنيف ديوى العشرى
رقم الطبعة 21
رقم التصنيف 215.1/
رقم المادة أ إ
100 0# - المدخل الرئيسى - إسم شخصى
الإسم الشخصى اميرة بنت على مداح .
245 10 - بيان العنوان
العنوان اهتمام العثمانيين بكسوة الكعبة المشرفة و تطويرها فى العصر الحديث /
بيان المسئوليه,etc اعداد اميرة بنت على مداح .
250 ## - بيان الطبعة
بيان الطبعة ط1.
260 ## - PUBLICATION, DISTRIBUTION, ETC. (IMPRINT)
تاريخ النشر أو التوزيع 2010.
300 ## - الوصف المادى
التعداد 62 ص ؛
أبعاد الوعاء 24 سم .
650 04 - المدخل الاضافى بالموضوع-مصطلح موضوعى
مصطلح موضوعي كسوة الكعبة .
650 04 - المدخل الاضافى بالموضوع-مصطلح موضوعى
مصطلح موضوعي كسوة الكعبة
التقسيم الفرعي العام تاريخ
التقسيم الفرعي الزمني العصر الحديث .
650 04 - المدخل الاضافى بالموضوع-مصطلح موضوعى
مصطلح موضوعي كسوة الكعبة
التقسيم الفرعي العام تاريخ
-- العصر العثمانى .
942 ## - عناصر المدخل الإضافي( كوها)
مصدر التصنيف او مخطط الترفيف Dewey Decimal Classification
Koha [default] item type كتاب
260 ## - PUBLICATION, DISTRIBUTION, ETC. (IMPRINT)
-- القاهرة :
-- مكتبة زهراء الشرق ،
Holdings
حالة التراجع حالة الفقد حالة تلف ليس للاعارة المكان المؤقت الموقع الحالى تاريخ الاكتساب اجمالي اﻻعارات رقم الطلب الباركود تاريخ اخر مشاهدة تاريخ تفعيل السعر نوع وعاء كوها
        مكتبة القاهرة الكبرى مكتبة القاهرة الكبرى 10/12/2015   215.1/ أ إ 160899 10/12/2015 10/12/2015 كتاب

Powered By

EGPV